| 000 | 01013cad a22002295a 4500 | ||
|---|---|---|---|
| 001 | L146457 | ||
| 008 | 090122s2008 xxkd f s 000 0 eng d | ||
| 035 | _a(Sirsi) u146457 | ||
| 041 | 0 | _aeng | |
| 050 | 0 | 4 | _a333.33 $2 18 |
| 110 | 2 |
_aCB Richard Ellis _93675 |
|
| 245 | 0 | 0 |
_aEMEA rents and yields market view _bfourth quarter 2008 _h[electronic resource] |
| 260 |
_aLondon _bCBRE _c2008 |
||
| 490 | 0 |
_aCB Richard Ellis EMEA Rents and Yields Market View _vSecond Quarter 2008 |
|
| 520 | _aReports that EU 15 yields have risen across all property sectors since the last quarter, with all markets rising or stable and none falling. Finds industrial and office rents falling, but retail rents registering a slight rise. | ||
| 590 | _aKA | ||
| 650 | 2 | 4 | _aCB RICHARD ELLIS EMEA RENTS AND YIELDS MARKET VIEW |
| 651 | 4 |
_aUnited Kingdom _y |
|
| 690 | _aPROPERTY-COMMERCIAL PROPERTY-COMMERCIAL PROPERTY MARKET | ||
| 856 | 4 | 0 |
_uhttps://www.cbre.co.uk/ _zView the report free of charge at www.cbre.co.uk... |
| 942 | _n0 | ||
| 999 |
_c109179 _d109179 |
||